| 000 | 00000nam##2200000za#4500 |
| 001 | 9.681992 |
| 003 | CaOODSP |
| 005 | 20250611103645 |
| 007 | ta |
| 008 | 150407|2003||||xxc||||| f|0| 0 fre|d |
| 020 | |a0-660-96795-2|z0-662-88220-2 |
| 040 | |aCaOODSP|bfre |
| 043 | |an-cn--- |
| 086 | 1 |aA22-233/2003-5F |
| 110 | 1 |aCanada. |bAgriculture et agroalimentaire Canada. |
| 245 | 10|aRusticité et croissance de plantes ligneuses ornementales. Tome V : |bRésultats et recommandations du REPLOQ |
| 260 | |aQuébec - Québec : |bAgriculture et Agroalimentaire Canada |c2003. |
| 300 | |aXXII, 524, [14]p. : |bgraphiques, ill., cartes, références, tableaux ; |c28 cm. |
| 504 | |aBibliographie. |
| 563 | |aCouverture souple |
| 590 | |a03-15|b2003-04-11 |
| 691 | 07|aPlante ornementale|2gcpds |
| 775 | 08|tHardiness and growth of woody ornamental plants. Volume V : |w(CaOODSP)9.648731 |
| 776 | 0#|tRusticité et croissance de plantes ligneuses ornementales. Tome V : |w(CaOODSP)9.643613 |